| 000 | 00735cam a22002291 4500 | ||
|---|---|---|---|
| 001 | g 01001717 | ||
| 003 | DLC | ||
| 005 | 20260227111255.0 | ||
| 008 | 780829s1897 xx b 001 0 ger | ||
| 010 | _ag 01001717 | ||
| 035 | _a(OCoLC)4174494 | ||
| 040 |
_aDLC _cOClW _dDLC |
||
| 042 | _apremarc | ||
| 050 | 0 | 0 |
_aPE25 _b.S8 Hft. 1 |
| 100 | 1 |
_aSpies, Heinrich, _d1873- |
|
| 245 | 1 | 0 |
_aStudien zur Geschichte des englischen Pronomens im xv. und xvi. Jahrhundert. _b(Flexionslehre und Syntax.) _cVon Heinrich Spies. |
| 260 |
_aHalle, _bM. Niemeyer, _c1897. |
||
| 300 |
_axix, 311 p. _c23 cm. |
||
| 440 | 0 |
_aStudien zur englischen philologie ... _vHft.1 |
|
| 504 | _aBibliography: p.[xi]-xii. | ||
| 650 | 0 |
_aEnglish language _xPronoun. |
|
| 999 |
_c23820 _d23820 |
||